[Event "CZE-ch Amateur"]
[Site "Hluk"]
[Date "2023.05.10"]
[Round "7"]
[White "Valtr, Filip"]
[Black "Merva, Frantisek"]
[Result "1-0"]
[WhiteElo "1765"]
[BlackElo "1952"]
[PlyCount "97"]
[EventDate "2023.05.06"]
[EventType "swiss"]
[EventRounds "9"]
[EventCountry "CZE"]
[SourceTitle "CBM 214 Extra"]
[Source "ChessBase"]
[SourceDate "2023.07.31"]
[SourceVersion "1"]
[SourceVersionDate "2023.07.31"]
[SourceQuality "1"]

1. e4 c5 2. Nf3 Nc6 3. d4 cxd4 4. c3 dxc3 5. Nxc3 a6 6. a4 d6 7. Bc4 e6 8. 0-0 Nf6 9. Qe2 Qc7 10. Bf4 Ne5 11. Ba2 Be7 12. Rac1 Qb8 13. Be3 0-0 14. Rc2 Bd7 15. Bb6 Bc6 16. Rd1 Ned7 17. Ba5 Re8 18. Nd4 Ne5 19. f3 Qa7 20. Kf1 Rac8 21. Rcd2 Qc5 22. Nb3 Qa7 23. Nd4 Qb8 24. Bb4 Red8 25. Ba5 Re8 26. Bb4 Ng6 27. g3 Red8 28. Ba5 Re8 29. Bb4 h5 30. Qe3 d5 31. Bxe7 Rxe7 32. exd5 exd5 33. Qf2 Re5 34. Bb1 Rce8 35. b3 Bd7 36. Re2 Bh3+ 37. Kg1 Qc7 38. Rxe5 Rxe5 39. Nce2 Ne7 40. Nf4 Bf5 41. Bxf5 Nxf5 42. Nd3 Nxd4 43. Nxe5 Qxe5 44. Qxd4 Qe2 45. Qd3 Qe5 46. Kf2 h4 47. Rc1 g6 48. Qc3 Qf5 49. Qc8+ 1-0

[Event "CZE-ch Amateur"]
[Site "Hluk"]
[Date "2023.05.08"]
[Round "4"]
[White "Valtr, Filip"]
[Black "Pressler, Tobias"]
[Result "1-0"]
[WhiteElo "1765"]
[BlackElo "1971"]
[PlyCount "41"]
[EventDate "2023.05.06"]
[EventType "swiss"]
[EventRounds "9"]
[EventCountry "CZE"]
[SourceTitle "CBM 214 Extra"]
[Source "ChessBase"]
[SourceDate "2023.07.31"]
[SourceVersion "1"]
[SourceVersionDate "2023.07.31"]
[SourceQuality "1"]

1. e4 e6 2. Nf3 d5 3. exd5 exd5 4. d4 Nf6 5. Bd3 c5 6. Bb5+ Bd7 7. Qe2+ Qe7 8. Be3 c4 9. Bxd7+ Nbxd7 10. 0-0 g6 11. Re1 Bg7 12. Bg5 Qxe2 13. Rxe2+ Ne4 14. Nc3 f5 15. Nxd5 Kf7 16. Bf4 h6 17. Rae1 g5 18. Ne5+ Nxe5 19. Bxe5 Rhd8 20. Bxg7 Kxg7 21. Nc7 1-0

[Event "Ceske Budejovice op-B"]
[Site "Ceske Budejovice"]
[Date "2020.07.09"]
[Round "9"]
[White "Svetly, Jiri"]
[Black "Valtr, Filip"]
[Result "1/2-1/2"]
[WhiteElo "1835"]
[BlackElo "1784"]
[PlyCount "99"]
[EventDate "2020.07.01"]
[EventType "swiss"]
[EventRounds "9"]
[EventCountry "CZE"]
[SourceTitle "CBM 197 Extra"]
[Source "ChessBase"]
[SourceDate "2020.09.30"]
[SourceVersion "1"]
[SourceVersionDate "2020.09.30"]
[SourceQuality "1"]

1. d4 Nf6 2. c4 e6 3. Nc3 d5 4. Bg5 Be7 5. e3 h6 6. Bh4 0-0 7. Nf3 a6 8. Rc1 dxc4 9. Bxc4 b5 10. Bd3 Bb7 11. 0-0 Nbd7 12. a3 c5 13. Bb1 b4 14. axb4 cxb4 15. Na4 Rc8 16. Qd2 Qa5 17. b3 g5 18. Bg3 Qd5 19. Qd3 Bc6 20. Rfe1 Bb5 21. e4 Qb7 22. Qd2 Rxc1 23. Qxc1 Rc8 24. Qd2 Bxa4 25. bxa4 Nf8 26. Be5 b3 27. Bxf6 Bxf6 28. Qb2 Qb4 29. Ba2 Rc3 30. Rb1 Bxd4 31. Nxd4 Qxd4 32. Bxb3 Rd3 33. Qxd4 Rxd4 34. Bc2 Rc4 35. Rb2 Nd7 36. f3 Nc5 37. Ra2 Rd4 38. Kf1 Rd2 39. h3 Nxa4 40. Rxa4 Rxc2 41. Rxa6 Kg7 42. Ra3 Kf6 43. Re3 Ke5 44. Re2 Rc1+ 45. Kf2 h5 46. g3 h4 47. Ra2 Kf6 48. Rb2 Rc5 49. Ra2 Ke5 50. Re2 1/2-1/2

[Event "Ceske Budejovice op-B"]
[Site "Ceske Budejovice"]
[Date "2020.07.06"]
[Round "6"]
[White "Valtr, Filip"]
[Black "Kaucky, Jaroslav"]
[Result "1-0"]
[WhiteElo "1784"]
[BlackElo "1573"]
[PlyCount "59"]
[EventDate "2020.07.01"]
[EventType "swiss"]
[EventRounds "9"]
[EventCountry "CZE"]
[SourceTitle "CBM 197 Extra"]
[Source "ChessBase"]
[SourceDate "2020.09.30"]
[SourceVersion "1"]
[SourceVersionDate "2020.09.30"]
[SourceQuality "1"]

1. e4 e5 2. Nf3 Nc6 3. d4 exd4 4. Nxd4 Nxd4 5. Qxd4 Qe7 6. Bc4 d6 7. Nc3 Be6 8. 0-0 Bxc4 9. Qxc4 c6 10. Re1 Qe6 11. Qb4 0-0-0 12. Bf4 Be7 13. Qa5 Kb8 14. a4 Nf6 15. e5 Qf5 16. Be3 Ng4 17. Qxa7+ Kc8 18. Bb6 d5 19. Qa8+ Kd7 20. Qxb7+ Ke8 21. Qxc6+ Qd7 22. Qxd7+ Rxd7 23. Nb5 Bd8 24. Nd6+ Ke7 25. Bc5 Kf8 26. e6 Rc7 27. exf7 Be7 28. Rxe7 Rxe7 29. Nf5 Kxf7 30. Nxe7 1-0

[Event "Ceske Budejovice op-B"]
[Site "Ceske Budejovice"]
[Date "2020.07.03"]
[Round "3"]
[White "Zelbova, Lada"]
[Black "Valtr, Filip"]
[Result "1-0"]
[WhiteElo "1637"]
[BlackElo "1784"]
[PlyCount "81"]
[EventDate "2020.07.01"]
[EventType "swiss"]
[EventRounds "9"]
[EventCountry "CZE"]
[SourceTitle "CBM 197 Extra"]
[Source "ChessBase"]
[SourceDate "2020.09.30"]
[SourceVersion "1"]
[SourceVersionDate "2020.09.30"]
[SourceQuality "1"]

1. d4 Nf6 2. Nf3 e6 3. Bf4 c5 4. e3 Nc6 5. c3 a6 6. a4 Be7 7. h3 0-0 8. Bd3 d5 9. Nbd2 Bd7 10. 0-0 Rc8 11. Re1 h6 12. Qb1 Kh8 13. Qa2 Ra8 14. Qb1 c4 15. Bc2 b5 16. e4 g5 17. Bxg5 hxg5 18. Nxg5 Nh5 19. Qd1 Ng7 20. Ngf3 f5 21. exd5 exd5 22. Qe2 Bg5 23. Nxg5 Qxg5 24. Nf3 Qh5 25. Qd2 Rae8 26. Ne5 Nxe5 27. dxe5 Be6 28. Qd4 f4 29. Kh2 Nf5 30. Bxf5 Rxf5 31. Rh1 Qe2 32. axb5 axb5 33. Rhe1 Qh5 34. Rh1 Rg8 35. Ra6 Qg5 36. Rg1 Qe7 37. Ra7 Qf8 38. Qb6 Rxe5 39. Qd4 Qf6 40. Re1 Rf5 41. Rxe6 1-0

[Event "Ceske Budejovice op-B"]
[Site "Ceske Budejovice"]
[Date "2020.07.02"]
[Round "2"]
[White "Valtr, Filip"]
[Black "Chmelik, Benedikt"]
[Result "1-0"]
[WhiteElo "1784"]
[BlackElo "1571"]
[PlyCount "139"]
[EventDate "2020.07.01"]
[EventType "swiss"]
[EventRounds "9"]
[EventCountry "CZE"]
[SourceTitle "CBM 197 Extra"]
[Source "ChessBase"]
[SourceDate "2020.09.30"]
[SourceVersion "1"]
[SourceVersionDate "2020.09.30"]
[SourceQuality "1"]

1. e4 c5 2. Nf3 d6 3. d4 cxd4 4. Nxd4 Nf6 5. Nc3 g6 6. Bd3 Nc6 7. Nxc6 bxc6 8. 0-0 Bg7 9. h3 0-0 10. Qe2 Qc7 11. Bc4 Bb7 12. Bg5 d5 13. exd5 cxd5 14. Bb3 e6 15. Ba4 Rac8 16. Rfe1 Bc6 17. Bb3 Qb7 18. g3 a6 19. Kh2 Bb5 20. Nxb5 Qxb5 21. c3 Ne4 22. Be3 Nc5 23. Qxb5 axb5 24. Bc2 Na4 25. Rab1 Rc6 26. Bd3 Rb8 27. Bf4 Rb7 28. Kg2 Nc5 29. Be2 Na4 30. Bd2 d4 31. Bf3 Rbc7 32. Bxc6 Rxc6 33. cxd4 Bxd4 34. b3 Nc3 35. Bxc3 Bxc3 36. Red1 Ra6 37. Rbc1 b4 38. Rc2 Kg7 39. Rd7 h6 40. f4 Kf6 41. Kf3 Ra5 42. Ke4 Kg7 43. Kd3 Kf8 44. Kc4 Be1 45. Rg2 Rh5 46. h4 g5 47. hxg5 hxg5 48. g4 Rh6 49. fxg5 Rg6 50. Rc7 Rxg5 51. Kd3 Rd5+ 52. Ke4 Rg5 53. Kf3 Bc3 54. Rg1 Rd5 55. Rf1 Ra5 56. Rf2 Rd5 57. Kg2 f6 58. a4 Rg5 59. Kh3 Rd5 60. Rb7 Rd3+ 61. Kg2 Rd5 62. Ra2 Ra5 63. Kf3 Ke8 64. Rh2 f5 65. g5 f4 66. g6 Rg5 67. Rg2 Rxg2 68. Kxg2 Kf8 69. a5 e5 70. Kf3 1-0

[Event "Tabor op"]
[Site "Tabor"]
[Date "2013.08.04"]
[Round "9"]
[White "Skorepa, Jakub"]
[Black "Valtr, Filip"]
[Result "1-0"]
[WhiteElo "1755"]
[BlackElo "1930"]
[PlyCount "37"]
[EventDate "2013.07.28"]
[EventType "swiss"]
[EventRounds "9"]
[EventCountry "CZE"]
[SourceTitle "CBM 155 Extra"]
[Source "ChessBase"]
[SourceDate "2013.08.26"]
[SourceVersion "1"]
[SourceVersionDate "2013.08.26"]
[SourceQuality "1"]

1. e4 c5 2. Nf3 d6 3. d4 cxd4 4. Nxd4 Nc6 5. Be3 Nf6 6. f3 a6 7. c4 Qc7 8. Nc3 e6 9. Be2 Be7 10. 0-0 0-0 11. Rc1 Bd7 12. Nd5 exd5 13. cxd5 Rfc8 14. dxc6 bxc6 15. Bc4 Qd8 16. Qe2 a5 17. Rfd1 Rab8 18. e5 Ne8 19. Bxf7+ 1-0

[Event "Tabor op"]
[Site "Tabor"]
[Date "2013.08.01"]
[Round "6"]
[White "Valtr, Filip"]
[Black "Hasek, Vaclav"]
[Result "1/2-1/2"]
[WhiteElo "1930"]
[BlackElo "2049"]
[PlyCount "77"]
[EventDate "2013.07.28"]
[EventType "swiss"]
[EventRounds "9"]
[EventCountry "CZE"]
[SourceTitle "CBM 155 Extra"]
[Source "ChessBase"]
[SourceDate "2013.08.26"]
[SourceVersion "1"]
[SourceVersionDate "2013.08.26"]
[SourceQuality "1"]

1. e4 e5 2. Nf3 d6 3. d4 exd4 4. Nxd4 Nf6 5. Nc3 Be7 6. Be2 0-0 7. 0-0 Bd7 8. Be3 Nc6 9. f4 Nxd4 10. Bxd4 Bc6 11. Bf3 Nd7 12. Qd2 Bf6 13. Rae1 Bxd4+ 14. Qxd4 Re8 15. Re3 Qf6 16. Qxf6 Nxf6 17. Rfe1 Re7 18. Nd5 Bxd5 19. exd5 Rxe3 20. Rxe3 Kf8 21. Kf2 Re8 22. g4 Rxe3 23. Kxe3 Ke7 24. Kd4 Nd7 25. h4 f6 26. c4 h6 27. h5 b6 28. Be4 a5 29. a3 Nb8 30. b4 axb4 31. axb4 Na6 32. Kc3 Nb8 33. Kb3 Kd8 34. Ka4 Ke7 35. Kb5 Kd8 36. Bf5 Ke7 37. Bc8 Kd8 38. Bf5 Ke7 39. Bc8 1/2-1/2

[Event "Tabor op"]
[Site "Tabor"]
[Date "2013.07.31"]
[Round "5"]
[White "Ilandzis, Spyridon"]
[Black "Valtr, Filip"]
[Result "1/2-1/2"]
[WhiteElo "2162"]
[BlackElo "1930"]
[PlyCount "174"]
[EventDate "2013.07.28"]
[EventType "swiss"]
[EventRounds "9"]
[EventCountry "CZE"]
[SourceTitle "CBM 155 Extra"]
[Source "ChessBase"]
[SourceDate "2013.08.26"]
[SourceVersion "1"]
[SourceVersionDate "2013.08.26"]
[SourceQuality "1"]

1. b3 c5 2. Bb2 Nc6 3. e3 e6 4. f4 d5 5. Bb5 Bd7 6. Nf3 Nf6 7. 0-0 Be7 8. Bxc6 Bxc6 9. Ne5 0-0 10. d3 Qc7 11. Nd2 Nd7 12. Nxd7 Bxd7 13. Rf3 f6 14. Rg3 Rf7 15. Qf3 Bd6 16. Rh3 Re8 17. g4 b5 18. c4 bxc4 19. dxc4 d4 20. exd4 Bxf4 21. Ne4 cxd4 22. Bxd4 Bc6 23. Qe2 Be5 24. Rd1 Bxe4 25. Qxe4 Rd7 26. Qxh7+ Kf7 27. Qh5+ Kf8 28. Rhd3 Bxd4+ 29. Rxd4 Red8 30. Rxd7 Rxd7 31. Rxd7 Qxd7 32. Qc5+ Kf7 33. h3 Qd1+ 34. Kg2 Qe2+ 35. Qf2 Qe4+ 36. Kh2 Qe5+ 37. Kg1 a5 38. c5 Qc3 39. Kg2 a4 40. bxa4 Qc4 41. a5 Qd5+ 42. Kg1 Qd1+ 43. Kh2 Qa4 44. Qd2 Qc6 45. Qc3 Qc7+ 46. Kg1 Qc6 47. Kf2 g5 48. Qd4 Qc7 49. a6 Qh2+ 50. Ke1 Qxa2 51. Qd7+ Kg6 52. Qd3+ Kg7 53. c6 Qa5+ 54. Kf1 Qa1+ 55. Kf2 Qb2+ 56. Kf3 Qe5 57. a7 Qf4+ 58. Kg2 Qa4 59. Qd7+ Kh6 60. Qxe6 Qc2+ 61. Kf1 Qc1+ 62. Kf2 Qc2+ 63. Kf3 Qc3+ 64. Ke4 Qb4+ 65. Kd3 Qa3+ 66. Kc2 Qc5+ 67. Kd3 Qa3+ 68. Ke2 Qb2+ 69. Kf3 Qc3+ 70. Kf2 Qc2+ 71. Qe2 Qxc6 72. Qa2 Qc5+ 73. Kf3 Qc6+ 74. Ke3 Qc3+ 75. Ke4 Qe5+ 76. Kd3 Qd6+ 77. Kc3 Qc5+ 78. Kb2 Qf2+ 79. Kb3 Qb6+ 80. Kc3 Qc5+ 81. Kd3 Qd6+ 82. Ke4 Qe5+ 83. Kf3 Qf4+ 84. Kg2 Qe4+ 85. Kg1 Qe1+ 86. Kh2 Qe5+ 87. Kg2 Qe4+ 1/2-1/2

[Event "Tabor op"]
[Site "Tabor"]
[Date "2013.07.30"]
[Round "4"]
[White "Vorsilka, Jiri"]
[Black "Valtr, Filip"]
[Result "0-1"]
[WhiteElo "1688"]
[BlackElo "1930"]
[PlyCount "110"]
[EventDate "2013.07.28"]
[EventType "swiss"]
[EventRounds "9"]
[EventCountry "CZE"]
[SourceTitle "CBM 155 Extra"]
[Source "ChessBase"]
[SourceDate "2013.08.26"]
[SourceVersion "1"]
[SourceVersionDate "2013.08.26"]
[SourceQuality "1"]

1. e4 c5 2. Nc3 Nc6 3. f4 d6 4. Nf3 e6 5. Bb5 Bd7 6. Bxc6 Bxc6 7. 0-0 Nf6 8. d3 Be7 9. e5 Nd5 10. Nxd5 Bxd5 11. Be3 0-0 12. Qe1 Bxf3 13. Rxf3 Bh4 14. Qe2 Rc8 15. Rh3 Be7 16. Qh5 h6 17. f5 Bg5 18. Bxg5 Qxg5 19. Qxg5 hxg5 20. fxe6 fxe6 21. exd6 Rcd8 22. Re3 Rxd6 23. Rae1 Rf6 24. Re5 c4 25. dxc4 Rd2 26. R5e2 Rd6 27. Rf2 Kf7 28. Rxf6+ gxf6 29. Kf2 Rd4 30. b3 e5 31. Re2 Ke6 32. Ke3 Rh4 33. g3 Rh3 34. Rd2 f5 35. Kf3 e4+ 36. Kg2 Rh8 37. c5 f4 38. g4 e3 39. Rd6+ Ke7 40. Rd5 Rf8 41. Kf3 Rh8 42. Kg2 Ke6 43. Rd6+ Ke5 44. Rd7 Ke4 45. Re7+ Kd4 46. Rxb7 Re8 47. Kf1 Kxc5 48. Rf7 Kd4 49. Ke2 Rh8 50. Rd7+ Ke5 51. Rxa7 Rxh2+ 52. Kd3 Rd2+ 53. Kc4 Rd6 54. Ra5+ Ke4 55. Rxg5 e2 0-1

[Event "Tabor op"]
[Site "Tabor"]
[Date "2012.08.05"]
[Round "9"]
[White "Siroky, Richard"]
[Black "Valtr, Filip"]
[Result "0-1"]
[WhiteElo "1634"]
[BlackElo "1919"]
[PlyCount "58"]
[EventDate "2012.07.29"]
[EventType "swiss"]
[EventRounds "9"]
[EventCountry "CZE"]
[SourceTitle "EXT 2013"]
[Source "ChessBase"]
[SourceDate "2012.11.22"]
[SourceVersion "1"]
[SourceVersionDate "2012.11.22"]
[SourceQuality "1"]

1. e4 c5 2. Nc3 e6 3. f4 a6 4. Nf3 Qc7 5. d3 d6 6. Be2 Nd7 7. 0-0 Ngf6 8. Bd2 Be7 9. Qe1 0-0 10. Qg3 Re8 11. Nh4 b5 12. f5 e5 13. Rf3 Bb7 14. Raf1 Qd8 15. Bh6 Bf8 16. Bg5 Qb6 17. Qh3 d5 18. exd5 Nxd5 19. Ne4 N5f6 20. Bxf6 Nxf6 21. Nxf6+ Qxf6 22. Re3 c4 23. Kh1 Bc5 24. Rg3 cxd3 25. Bxd3 e4 26. Be2 Rad8 27. Rc3 Bb6 28. Rd1 Rxd1+ 29. Bxd1 Qd4 0-1

[Event "Tabor op"]
[Site "Tabor"]
[Date "2012.08.03"]
[Round "7"]
[White "Kool, Gerard J"]
[Black "Valtr, Filip"]
[Result "1-0"]
[WhiteElo "2133"]
[BlackElo "1919"]
[PlyCount "36"]
[EventDate "2012.07.29"]
[EventType "swiss"]
[EventRounds "9"]
[EventCountry "CZE"]
[SourceTitle "EXT 2013"]
[Source "ChessBase"]
[SourceDate "2012.11.22"]
[SourceVersion "1"]
[SourceVersionDate "2012.11.22"]
[SourceQuality "1"]

1. Nf3 c5 2. c4 e6 3. e3 Nf6 4. b3 d6 5. Bb2 Be7 6. Be2 0-0 7. 0-0 Bd7 8. d4 d5 9. Ne5 dxc4 10. bxc4 Be8 11. Bf3 Qb6 12. Nd2 Nc6 13. Rb1 Qc7 14. Qc2 Rb8 15. Nd3 cxd4 16. exd4 Rd8 17. Nb3 Nd7 18. d5 Nb4 1-0

[Event "Tabor op"]
[Site "Tabor"]
[Date "2012.08.01"]
[Round "5"]
[White "Valtr, Filip"]
[Black "Popelka, Oldrich"]
[Result "1/2-1/2"]
[WhiteElo "1919"]
[BlackElo "2030"]
[PlyCount "62"]
[EventDate "2012.07.29"]
[EventType "swiss"]
[EventRounds "9"]
[EventCountry "CZE"]
[SourceTitle "EXT 2013"]
[Source "ChessBase"]
[SourceDate "2012.11.22"]
[SourceVersion "1"]
[SourceVersionDate "2012.11.22"]
[SourceQuality "1"]

1. e4 c5 2. Nf3 e6 3. d4 cxd4 4. Nxd4 a6 5. Be3 Qc7 6. f4 Nf6 7. Bd3 b5 8. Nd2 Bb7 9. 0-0 Nc6 10. Nxc6 Qxc6 11. Qe2 h5 12. Rac1 Bc5 13. c4 b4 14. Bxc5 Qxc5+ 15. Qf2 Qxf2+ 16. Rxf2 d6 17. Re2 Nd7 18. Nb3 Nc5 19. Nxc5 dxc5 20. e5 Rd8 21. Rd1 Ke7 22. Red2 f5 23. Bc2 Rxd2 24. Rxd2 Rd8 25. Rxd8 Kxd8 26. g3 g6 27. a3 a5 28. Kf2 Bc6 29. h3 Ke7 30. g4 hxg4 31. hxg4 g5 1/2-1/2

[Event "Tabor op"]
[Site "Tabor"]
[Date "2011.08.01"]
[Round "3"]
[White "Lizner, Milan"]
[Black "Valtr, Filip"]
[Result "0-1"]
[WhiteElo "2052"]
[BlackElo "1911"]
[PlyCount "76"]
[EventDate "2011.07.31"]
[EventType "swiss"]
[EventRounds "9"]
[EventCountry "CZE"]
[SourceTitle "CBM 143 Extra"]
[Source "ChessBase"]
[SourceDate "2011.08.29"]
[SourceVersion "1"]
[SourceVersionDate "2011.08.29"]
[SourceQuality "1"]

1. e4 c5 2. Nf3 Nc6 3. c3 d5 4. e5 Bg4 5. Bb5 Qb6 6. Qe2 e6 7. h3 Bxf3 8. Bxc6+ Qxc6 9. Qxf3 Ne7 10. 0-0 Nf5 11. d3 Be7 12. Na3 0-0 13. Nc2 Qc7 14. Re1 b5 15. Bd2 a5 16. Ne3 Nh4 17. Qg3 Ng6 18. Ng4 Rfd8 19. Rac1 c4 20. d4 b4 21. Qf3 Rdb8 22. Rb1 Rb7 23. g3 Rab8 24. h4 bxc3 25. Bxc3 Bb4 26. h5 Bxc3 27. Qxc3 Ne7 28. h6 g6 29. Nf6+ Kh8 30. Kg2 Qd8 31. Rh1 Ng8 32. Ng4 a4 33. Qa3 Qa5 34. Rhd1 Qb4 35. Qf3 Qe7 36. Nf6 Nxf6 37. exf6 Qf8 38. Qc3 Qb4 0-1

[Event "Cesky Krumlov op 4th"]
[Site "Cesky Krumlov"]
[Date "2010.11.26"]
[Round "7"]
[White "Vales, Vaclav"]
[Black "Valtr, Filip"]
[Result "1-0"]
[WhiteElo "2193"]
[BlackElo "1913"]
[PlyCount "25"]
[EventDate "2010.11.21"]
[EventType "swiss"]
[EventRounds "9"]
[EventCountry "CZE"]
[SourceTitle "CBM 139 Extra"]
[Source "ChessBase"]
[SourceDate "2011.01.05"]
[SourceVersion "1"]
[SourceVersionDate "2011.01.05"]
[SourceQuality "1"]

1. d4 d5 2. Nf3 e6 3. c4 dxc4 4. e3 Nf6 5. Bxc4 c5 6. 0-0 Nbd7 7. Qe2 Be7 8. Rd1 a6 9. a4 b6 10. e4 cxd4 11. Nxd4 Bb7 12. Nc3 0-0 13. Nxe6 1-0

[Event "Tabor op"]
[Site "Tabor"]
[Date "2010.08.05"]
[Round "6"]
[White "Sakar, Milos"]
[Black "Valtr, Filip"]
[Result "1-0"]
[WhiteElo "2087"]
[BlackElo "1912"]
[PlyCount "115"]
[EventDate "2010.08.01"]
[EventType "swiss"]
[EventRounds "9"]
[EventCountry "CZE"]
[SourceTitle "EXT 2012"]
[Source "ChessBase"]
[SourceDate "2011.11.24"]
[SourceVersion "1"]
[SourceVersionDate "2011.11.24"]
[SourceQuality "1"]

1. c4 c5 2. Nc3 d6 3. g3 Nf6 4. Bg2 e6 5. d4 cxd4 6. Qxd4 h6 7. b3 Nc6 8. Qd2 a6 9. e3 Be7 10. Nge2 0-0 11. 0-0 Qc7 12. Bb2 b6 13. Nb5 Qd7 14. Rfd1 Rd8 15. Rac1 Bb7 16. Nbc3 Ne5 17. e4 Qc7 18. f3 Bc6 19. Nd4 Bb7 20. Na4 Nc6 21. Qf2 Nd7 22. Nb5 Qb8 23. Nbc3 Bc8 24. Bf1 Nc5 25. b4 Nxb4 26. Ba3 a5 27. Rb1 Bd7 28. Nxc5 dxc5 29. Bc1 Bf6 30. Bf4 Qb7 31. e5 Be7 32. a3 Nc6 33. Nb5 Be8 34. Nd6 Qc7 35. Qb2 Rab8 36. Nb5 Qb7 37. Rxd8 Rxd8 38. Nd6 Qb8 39. Nxe8 Rxe8 40. Qxb6 Qxb6 41. Rxb6 Nd4 42. Kf2 Ra8 43. Bd3 Bd8 44. Rb7 Nc6 45. Be4 Nd4 46. Bd2 Kf8 47. Rxf7+ Kxf7 48. Bxa8 Nc2 49. Bc1 Nd4 50. Be4 Bc7 51. f4 Bd8 52. h3 h5 53. Be3 Bb6 54. Ke1 Ke7 55. Bg6 a4 56. Kf2 h4 57. g4 Nc2 58. Bxc2 1-0

[Event "Tabor op"]
[Site "Tabor"]
[Date "2010.08.01"]
[Round "1"]
[White "Valtr, Filip"]
[Black "Lechtynsky, Jiri"]
[Result "0-1"]
[WhiteElo "1912"]
[BlackElo "2375"]
[PlyCount "64"]
[EventDate "2010.08.01"]
[EventType "swiss"]
[EventRounds "9"]
[EventCountry "CZE"]
[SourceTitle "EXT 2012"]
[Source "ChessBase"]
[SourceDate "2011.11.24"]
[SourceVersion "1"]
[SourceVersionDate "2011.11.24"]
[SourceQuality "1"]

1. e4 c5 2. Nf3 e6 3. d4 cxd4 4. Nxd4 a6 5. a3 Qc7 6. Be3 Nf6 7. Nc3 b5 8. Nb3 Bb7 9. f3 d6 10. Qd2 Be7 11. Qf2 Nbd7 12. Be2 0-0 13. 0-0 Rac8 14. Rac1 Rfe8 15. Rfd1 Bf8 16. Bf1 d5 17. exd5 Nxd5 18. Nxd5 Bxd5 19. Nd4 Qb7 20. Qg3 Nb6 21. c3 Bc4 22. Rb1 Bxf1 23. Kxf1 Nc4 24. Qf2 g6 25. Nc2 Qc7 26. b3 Nxe3+ 27. Qxe3 Qxh2 28. b4 Bg7 29. Ne1 Qh1+ 30. Kf2 Qh4+ 31. Kf1 Bh6 32. Qe2 Rxc3 0-1

[Event "Tabor op"]
[Site "Tabor"]
[Date "2007.08.05"]
[Round "9"]
[White "Valtr, Filip"]
[Black "Lenc, Bohumil"]
[Result "1/2-1/2"]
[WhiteElo "1696"]
[BlackElo "1931"]
[PlyCount "81"]
[EventDate "2007.07.29"]
[EventType "swiss"]
[EventRounds "9"]
[EventCountry "CZE"]
[SourceTitle "EXT 2009"]
[Source "ChessBase"]
[SourceDate "2008.11.26"]
[SourceVersion "1"]
[SourceVersionDate "2008.11.26"]
[SourceQuality "1"]

1. e4 e6 2. d4 d5 3. exd5 exd5 4. Bd3 Bd6 5. h3 Ne7 6. Nf3 c6 7. 0-0 Qc7 8. Re1 0-0 9. Ne5 Nd7 10. Nxd7 Bxd7 11. Nd2 Rfe8 12. Nf3 Ng6 13. c3 Rxe1+ 14. Nxe1 Nf4 15. Be3 Nxd3 16. Nxd3 Bf5 17. Qd2 Bxd3 18. Qxd3 Re8 19. Re1 Re6 20. Qd2 Qe7 21. Kf1 f5 22. f3 Kf7 23. Bf2 Rxe1+ 24. Qxe1 Qxe1+ 25. Bxe1 Bf4 26. Ke2 Kf6 27. g3 Bc1 28. b3 f4 29. g4 Be3 30. h4 g6 31. g5+ Ke6 32. Bd2 Bxd2 33. Kxd2 b5 34. Kd3 Kd6 35. c4 b4 36. c5+ Ke6 37. Ke2 Kf7 38. Kf2 Kg7 39. Kg2 h5 40. Kh3 Kf7 41. Kg2 1/2-1/2